000 01218nam0a22003251 4500
001 rc\2774084
005 20250806204612.0
035 _a(NLR Aleph) 006900403
090 _a29267
_c29267
100 _a20110915d1941 u y0rusy50 ca
101 0 _arus
102 _aRU
105 _aa z |||||
200 1 _aОпределитель высших растений европейской части СССР
_fПроф. В. И. Талиев
205 _a9-е изд.
210 _aМосква
_cСельхозгиз
_d1941
215 _a648 с.
_cил.
_d23 см.
320 _aАлф. указатель латин. и рус. названий: с. 632-45
320 _aБиблиогр.: с. 15-16
327 0 _aВступ. статья: Н. А. Блукет "В. И. Талиев", с. 3-4
464 0 _12000#$aВ. И. Талиев$fН. А. Блукет
700 1 _aТалиев
_bВ. И.
_f1872-1932
_gВалерий Иванович
_3RU\NLR\AUTH\770157037
_4070
801 0 _aRU
_bNLR
_gpsbo
801 1 _aRU
_bELAR
_2rusmarc
852 _aNLR
_jБт02 Г-5/8
942 _cBOOK
945 _aРоссийская национальная библиотека
980 _aNB
980 _aBV